Welcome to CU Library Online Public Access Catalogue (OPAC)

Total quality : (Record no. 4734)

MARC details
000 -LEADER
fixed length control field 00658cam a22002054a 4500
001 - CONTROL NUMBER
control field 12752191
005 - DATE AND TIME OF LATEST TRANSACTION
control field 20250313094732.0
008 - FIXED-LENGTH DATA ELEMENTS--GENERAL INFORMATION
fixed length control field 020424s2003 ohua b 001 0 eng
020 ## - INTERNATIONAL STANDARD BOOK NUMBER
International Standard Book Number 0324178719 (pbk.)
050 00 - LIBRARY OF CONGRESS CALL NUMBER
Classification number HD62.15
Item number .D4 2003
082 00 - DEWEY DECIMAL CLASSIFICATION NUMBER
Classification number 658.4/013
Edition information 21
100 1# - MAIN ENTRY--PERSONAL NAME
Personal name Evans, James R.
Fuller form of name (James Robert),
Dates associated with a name 1950-
245 10 - TITLE STATEMENT
Title Total quality :
Remainder of title management, organization, and strategy /
Statement of responsibility, etc. James R. Evans, James W. Dean, Jr.
250 ## - EDITION STATEMENT
Edition statement 3rd ed.
260 ## - PUBLICATION, DISTRIBUTION, ETC.
Place of publication, distribution, etc. Mason, OH :
Name of publisher, distributor, etc. Thomson/South-Western,
Date of publication, distribution, etc. c2003.
300 ## - PHYSICAL DESCRIPTION
Extent vii, 399 p. :
Other physical details ill. ;
Dimensions 24 cm.
650 #0 - SUBJECT ADDED ENTRY--TOPICAL TERM
Topical term or geographic name entry element Total quality management.
700 1# - ADDED ENTRY--PERSONAL NAME
Personal name Dean, James W.,
Dates associated with a name 1956-
942 ## - ADDED ENTRY ELEMENTS (KOHA)
Source of classification or shelving scheme Library of Congress Classification
Koha item type Books
Suppress in OPAC No
999 ## -
-- 4734
-- 4734
Holdings
Withdrawn status Lost status Source of classification or shelving scheme Damaged status Not for loan Collection Home library Current library Shelving location Date acquired Total checkouts Full call number Barcode Date last seen Copy number Price effective from Koha item type
    Library of Congress Classification     Non-fiction Undergraduate Library (Christ Temple) Undergraduate Library (Christ Temple) General stacks 03/13/2025   HD62.15 EVA ulct00001678 03/13/2025 1 03/13/2025 Books
    Library of Congress Classification     Non-fiction Undergraduate Library (Christ Temple) Undergraduate Library (Christ Temple) General stacks 03/13/2025   HD62.15 EVA ulct00001679 03/13/2025 2 03/13/2025 Books
    Library of Congress Classification     Non-fiction Undergraduate Library (Christ Temple) Undergraduate Library (Christ Temple) General stacks 03/13/2025   HD62.15 EVA ulct00001680 03/13/2025 3 03/13/2025 Books
© 2023-2024 Copyright: Central University Libraries. All Rights Reserved | Created by: Mahone Tech Office